000
00262nam a2200121Ia 4500
008
241002s9999 xx 000 0 und d
082
_a
921.7 GOR
100
_a
Gorky, M.
245
0
_a
My University
260
_a
Mascow
_c
1953
600
_a
History
942
_c
UC
999
_c
18483
_d
18483